Catálogo
 En Linea

Cuentos completos / (Registro nro. 53204)

Detalles MARC
000 -CABECERA
campo de control de longitud fija 01227nam a2200301 i 4500
003 - IDENTIFICADOR DEL NÚMERO DE CONTROL
campo de control DO-SdBNP
005 - FECHA Y HORA DE LA ÚLTIMA TRANSACCIÓN
campo de control 20241119093502.0
007 - CAMPO FIJO DE DESCRIPCIÓN FÍSICA--INFORMACIÓN GENERAL
campo de control de longitud fija ta
008 - DATOS DE LONGITUD FIJA--INFORMACIÓN GENERAL
campo de control de longitud fija 230411b2012 sp ||||| |||| 00| 0 spa d
020 ## - NÚMERO INTERNACIONAL ESTÁNDAR DEL LIBRO
Número Internacional Estándar del Libro 9789945469837
040 ## - FUENTE DE LA CATALOGACIÓN
Centro catalogador/agencia de origen DO-SdBNP
Lengua de catalogación spa
Centro/agencia transcriptor BNPHU
Normas de descripción rda
041 ## - CÓDIGO DE LENGUA
Código de lengua del texto/banda sonora o título independiente spa
082 #4 - NÚMERO DE LA CLASIFICACIÓN DECIMAL DEWEY
Número de clasificación Cu863.44
Número de documento/Ítem H532c
Número de edición 22
100 1# - ENTRADA PRINCIPAL--NOMBRE DE PERSONA
Nombre de persona León, Eduardo Heras
Fechas asociadas al nombre 1940-
Término indicativo de función/relación autor
Código de función/relación aut.
9 (RLIN) 86813
245 10 - MENCIÓN DE TÍTULO
Título Cuentos completos /
Mención de responsabilidad, etc. Eduardo Heras León.
264 #4 - PRODUCCIÓN, PUBLICACIÓN, DISTRIBUCIÓN, FABRICACIÓN Y COPYRIGHT
Producción, publicación, distribución, fabricación y copyright Santo Domingo, República Dominicana :
Nombre del de productor, editor, distribuidor, fabricante Editora Nacional,
Fecha de producción, publicación, distribución, fabricación o copyright ©2012.
300 ## - DESCRIPCIÓN FÍSICA
Extensión 544 páginas ;
Dimensiones 23 cm.
336 ## - TIPO DE CONTENIDO
Fuente rdacontent
Término de tipo de contenido texto
Código de tipo de contenido txt
337 ## - TIPO DE MEDIO
Nombre/término del tipo de medio sin mediación
Código del tipo de medio n
Fuente rdamedia
338 ## - TIPO DE SOPORTE
Nombre/término del tipo de soporte volumen
Código del tipo de soporte nc
Fuente rda carrier
500 ## - NOTA GENERAL
Nota general Incluye datos biográficos del autor en la solapa de la cubierta
505 0# - NOTA DE CONTENIDO CON FORMATO
Nota de contenido con formato Eduardo Heras León, la poética del narrador de fondo /
Mención de responsabilidad Francisco López Sacha --
Título La guerra tuvo seis nombres --
-- Los pasos en la hierba--
-- No se nos pierda la memoria--
-- A fuego limpio--
-- Cuestión de principios--
-- Doce vita--
-- Otros cuentos.
590 ## - NOTA LOCAL (RLIN)
Nota local Inventariado 2023/BT
650 #7 - PUNTO DE ACCESO ADICIONAL DE MATERIA--TÉRMINO DE MATERIA
Término de materia o nombre geográfico como elemento de entrada Cuentos cubanos
Fuente del encabezamiento o término LEMB
9 (RLIN) 1482
650 #7 - PUNTO DE ACCESO ADICIONAL DE MATERIA--TÉRMINO DE MATERIA
Término de materia o nombre geográfico como elemento de entrada Literatura cubana
Fuente del encabezamiento o término LEMB
9 (RLIN) 1483
910 ## - DATOS DE OPCIÓN DEL USUARIO (OCLC)
Datos de opción del usuario Btavárez/Validado. Control de calidad MFF
942 ## - ELEMENTOS DE PUNTO DE ACCESO ADICIONAL (KOHA)
Fuente del sistema de clasificación o colocación Dewey Decimal Classification
Tipo de ítem Koha Libro
Existencias
Estado de retiro Estado de pérdida Fuente del sistema de clasificación o colocación Restricciones de uso No para préstamo Código de colección Localización permanente Ubicación/localización actual Ubicación en estantería Fecha de adquisición Fuente de adquisición Total de préstamos Signatura topográfica completa Código de barras Fecha visto por última vez Precio válido a partir de Tipo de ítem Koha Nota pública
    Dewey Decimal Classification Excluido de préstamo   Patrimonio Dominicano Biblioteca Nacional Pedro Henríquez Ureña Biblioteca Nacional Pedro Henríquez Ureña Depósito 11.04.2023 Donación   BNPHU PD 863.44 H532c 2023-1320 11.04.2023 11.04.2023 Libro Perteneció a la biblioteca personal de Víctor Hugo

Con tecnología Koha